La gaviota /
Guardado en:
| Autor Principal: | |
|---|---|
| Formato: | Libro |
| Publicado: |
Madrid :
Espasa-calpe,
1960
|
| Edición: | 4a. ed. |
| Materias: | |
| Etiquetas: |
Agregar Etiqueta
Sin Etiquetas, Sea el primero en etiquetar este registro!
|
| LEADER | 00524nam a22001815a 4500 | ||
|---|---|---|---|
| 001 | EHU.bham044342 | ||
| 003 | AR-BHAM | ||
| 005 | 20161020121955.0 | ||
| 008 | 130507s1960##################000#0#####d | ||
| 082 | 8 | 6 | |a 863.5 |
| 100 | 1 | |a Caballero, Fernán | |
| 245 | 1 | 0 | |a La gaviota / |c Fernán Caballero |
| 250 | |a 4a. ed. | ||
| 260 | |a Madrid : |b Espasa-calpe, |c 1960 | ||
| 300 | |a 230 p. | ||
| 653 | |a Literatura española-1849-1877 | ||
| 653 | |a Novela española-1849-1877 | ||
| 859 | |a AR-BHAM |b BIB. HUMANIDADES - General |h 863.5 |i C111 |p 416.16 |t Ej.1 | ||
